Normal view
MARC view
- Parag K.Lala
Entry Personal Name
001 - CONTROL NUMBER
- control field: 127113
003 - CONTROL NUMBER IDENTIFIER
- control field: NUST
005 - DATE AND TIME OF LATEST TRANSACTION
- control field: 20241212145217.0
008 - FIXED-LENGTH DATA ELEMENTS
- fixed length control field: 241212|| aca||aabn | a|a d
040 ## - CATALOGING SOURCE
- Original cataloging agency: NUST
- Transcribing agency: NUST
100 ## - HEADING--PERSONAL NAME
- Personal name: Parag K.Lala
670 ## - SOURCE DATA FOUND
- Source citation: Work cat.: (NUST): Parag K.Lala, Practical digital logic design and testing , 1996.
